Live : istruzioni per la creazione di nuovi modelli umani /

সংরক্ষণ করুন:
গ্রন্থ-পঞ্জীর বিবরন
প্রধান লেখক: Bolelli, Franco (লেখক)
বিন্যাস: গ্রন্থ
ভাষা:ইতালিয়
প্রকাশিত: Roma : Castelvecchi, 1997
মালা:Contatti ; 114
বিষয়গুলি:
ট্যাগগুলো: ট্যাগ যুক্ত করুন
কোনো ট্যাগ নেই, প্রথমজন হিসাবে ট্যাগ করুন!

MARC

LEADER 00000nam a22000007i 4500
001 IT\ICCU\REA\0040612
003 ItRI
005 20260115144255.0
008 971224s1997 it |||||| ||||| |||||c
020 |a 888210043X 
040 |b ita  |c Arcigay Viterbo 
041 7 |a ita  |2 ISO-639-2 
082 |a 599.938  |2 21 
100 1 |a Bolelli, Franco  |0 IT\ICCU\CFIV\080163  |4 aut 
240 1 0 |a Live : istruzioni per la creazione di nuovi modelli umani  |9 Bolelli, Franco 
245 1 0 |a Live :  |b istruzioni per la creazione di nuovi modelli umani /  |c Franco Bolelli. 
260 |a Roma :  |b Castelvecchi,  |c 1997 
300 |a 89 p. ;  |c 19 cm. 
650 7 |a Uomo  |x Evoluzione 
830 0 |a Contatti ;  |v 114  |0 IT\ICCU\LO1\0306192 
942 |2 ddc  |c BK  |n 0 
952 |0 0  |1 0  |2 ddc  |4 0  |6 306_090400000000000_BOL_LIV  |7 0  |9 10103  |a VT  |b VT  |d 2026-01-15  |e Donazione Biblioteca di Babele  |i B591  |l 0  |o 306.0904 BOL LIV  |p B591  |r 2026-01-15 14:47:37  |w 2026-01-15  |y BK  |z Donazione Biblioteca di Babele 
981 1 |6 z01  |a i   |b xxxe  
982 1 |6 z01  |a n 
999 |c 8419  |d 8419